| 000 | 00682nam a2200229Ia 4500 | ||
|---|---|---|---|
| 001 | 9796 | ||
| 003 | GE_BSU | ||
| 008 | 181216s||||||||xx |||||||||||||| ||und|| | ||
| 040 | _cGE_BSU | ||
| 080 | _a821.353.1–32 | ||
| 100 | _aნინოშვილი,ეგნატე | ||
| 245 | _aპარტახი | ||
| 245 | _bმოთხრობა | ||
| 245 | _cრედ.ბ.მირცხულავა.მხატვ.ვ.ტოროტაძე | ||
| 260 | _aთბილისი | ||
| 260 | _bსახელგამი | ||
| 260 | _c1955 | ||
| 300 | _a59გვ.20სმ. | ||
| 653 | _aმოთხრობა | ||
| 653 | _aპარტახი | ||
| 942 | _cBK | ||
| 999 |
_c43076 _d43076 |
||